Missing Word: Series of Unfortunate Events Quiz Stats

 Plays Quiz Updated May 6, 2018

Challenge
Share
Tweet
Embed
Score 0/13 Timer 01:30
0 Plays Today
Title Word % Correct
The Bad _____Beginning
84.8%
The _____End
81.9%
The _____ RoomReptile
75.9%
The Wide _____Window
72.3%
The _____ SlopeSlippery
71.3%
The _____ VillageVile
68.7%
The Austere _____Academy
66.8%
The Ersatz _____Elevator
66.1%
The Carnivorous _____Carnival
62.5%
The Hostile _____Hospital
59.4%
The _____ MillMiserable
59.1%
The _____ GrottoGrim
56.5%
The Penultimate _____Peril
54.4%

Today's Daily Dose

Missing Word
Hayao Miyazaki

Word Ladder
Florida

On This Day
December 13th II

You're not logged in!

Compare scores with friends on all Sporcle quizzes.
OR
Log In

You Might Also Like...

Show Comments

Extras

Top Quizzes Today


Score Distribution

Your Account Isn't Verified!

In order to create a playlist on Sporcle, you need to verify the email address you used during registration. Go to your Sporcle Settings to finish the process.

Report this User

Report this user for behavior that violates our Community Guidelines.

Details: